| 000 | 00751nam a22002057a 4500 | ||
|---|---|---|---|
| 999 |
_c13472 _d13472 |
||
| 003 | AR-CdUCM | ||
| 008 | 190415b ||||| |||| 00| 0 spa d | ||
| 040 |
_aMUNICIPALIDAD PROVINCIAL DEL CUSCO _cBIBLIOTECA MUNICIPAL DEL CUSCO |
||
| 082 |
_aC / 344.311 / _bV79 |
||
| 100 |
_aVizcarra, Julio A. _916673 |
||
| 245 | _aLa rehabilitación penal / | ||
| 260 |
_aCuzco : _bEdit. H.G. Rozas _c1967. |
||
| 300 |
_a94 paginas : _c30 cm. |
||
| 505 | _aContenido : Naturaleza de la rehabilitación -- Su carácter Jurídico -- Concepto -- La rehabilitación en las legislaciones Latino Americanas... | ||
| 650 |
_aLegislación penal _931900 |
||
| 650 |
_aPerú _935 |
||
| 650 |
_aRehabilitación _931901 |
||
| 942 |
_2ddc _cLIBROS |
||
| 945 |
_awnts _d2019-04-15 |
||